| 000 | 00326nam a2200133Ia 4500 | ||
|---|---|---|---|
| 005 | 20260328101450.0 | ||
| 008 | 260328s9999||||xx |||||||||||||| ||und|| | ||
| 100 | _aMallol Tamayo, Ignacio | ||
| 245 | 0 |
_aMallol Arquitectos / _cIgnacio Mallol Tamayo |
|
| 260 | _bGamma | ||
| 300 | _a304 p. | ||
| 650 | _aARQUITECTOS | ||
| 942 | _cBK | ||
| 999 |
_c8611 _d8611 |
||